UMNO dalam arus perdana politik kebangsaan
| Other Authors: | |
|---|---|
| Format: | Book |
| Published: |
K.l :
Mahir Publications ,
1993
|
| Subjects: |
MARC
| LEADER | 00000cam a2200000 7i4500 | ||
|---|---|---|---|
| 001 | 0000002910 | ||
| 002 | 000003148 | ||
| 005 | 20080111.0 | ||
| 020 | |a 9837002298 | ||
| 090 | 0 | 0 | |a 320.509595 |b UNI |
| 245 | 0 | 0 | |a UMNO dalam arus perdana politik kebangsaan |c suntingan Wan Hashim Wan Teh |
| 260 | |a K.l : |b Mahir Publications , |c 1993 | ||
| 300 | |a 271p. ; |c 23cm. | ||
| 600 | 0 | 0 | |a Mahathir bin Mohamad , |c Tun Dr. , |d 1925- |
| 610 | 2 | 0 | |a UMNO |
| 651 | 0 | |a Malaysia |x Potical situations | |
| 700 | 0 | |a Wan Hashim Wan Teh | |
| 999 | |a 036473 |b BUKU |c MALAYSIANA |e PERPUSTAKAAN KOMUNITI PETALING JAYA | ||